| 000 | 00608nam a2200181Ia 4500 | ||
|---|---|---|---|
| 008 | 151018s9999 xx 000 0 und d | ||
| 082 |
_bRBASDV44906 _a155.25 |
||
| 100 | _aस्वेट मॉर्डेन | ||
| 245 | _aव्यक्तित्व विकास | ||
| 250 | _b1 | ||
| 260 |
_bअविष्कार _c2007 |
||
| 300 | _a144 | ||
| 600 | _aस्वेट मॉर्डेन | ||
| 630 | _aव्यक्तित्व विकास | ||
| 700 | _aस्वेट मॉर्डेन | ||
| 730 | _aव्यक्तित्व विकास | ||
| 942 | _cBOOK | ||
| 999 |
_c1044099 _d1044096 |
||